| 000 | 01511cam a22003614a 4500 | ||
|---|---|---|---|
| 001 | 1886 | ||
| 003 | FISKH | ||
| 005 | 20250502090554.0 | ||
| 008 | 040709s2005 nyua 001 0 eng | ||
| 010 | _a 2004015805 | ||
| 020 | _a9780516251745 | ||
| 020 | _a0516251740 (pbk.) | ||
| 040 |
_aDLC _cDLC _dDLC _beng |
||
| 042 | _apcc | ||
| 050 | 0 | 0 |
_aHG179 _b.H473 2005 |
| 082 | 0 | 0 |
_a332 _222 |
| 100 | 1 |
_aHill, Mary, _d1977- |
|
| 245 | 1 | 0 |
_aSpending and saving / _cby Mary Hill. |
| 260 |
_aNew York : _bScholastic, _c2005. |
||
| 300 |
_a24 pages : _bcolor illustrations ; _c16 x 19 cm. |
||
| 490 | 1 | _aMoney matters | |
| 505 | 0 | _aF | |
| 520 | _aWhich president's face is on both a quarter and a dollar bill? How do you know where the money you spend is minted or printed? Bank on this new series to provide kids with a common "cents" point of view on all kinds of money matters - what coins are made of, what all those symbols mean, and how to save or spend it. | ||
| 521 | 8 |
_a400
_bLexile |
|
| 521 | 8 |
_aF
_bRaz-Plus |
|
| 650 | 0 |
_aChildren _xFinance, Personal _vJuvenile literature. |
|
| 650 | 0 |
_aSaving and investment _vJuvenile literature. |
|
| 800 | 1 |
_aHill, Mary, _d1977- _tMoney matters. |
|
| 856 | 4 | 1 |
_3Table of contents _uhttp://www.loc.gov/catdir/toc/ecip0419/2004015805.html |
| 906 |
_a7 _bcbc _corignew _d1 _eecip _f20 _gy-gencatlg |
||
| 942 |
_2ddc _cBK _n0 |
||
| 999 |
_c1886 _d1886 |
||